000 00665nam a2200193 4500
001 148398
003 ES-MaACL
005 20230906202617.0
007 t|
008 070214s1969 sp r ||||1| spa d
100 1 _aStehlin, Paul.
_9108010
245 1 0 _aEuropa cero /
_cPaul Stehlin ; prólogo de André François-Poncet ; anexo cronológico (1939-1968) de Gilbert Gantier ; traducción de Francisco Tomé.
260 _aMadrid :
_bIbérico Europea,
_c1969.
300 _a384 p. ;
_c22 cm.
700 1 _aFrançois-Poncet, André.
_952277
700 1 _aGantier, Gilbert.
_953885
700 1 _aTomé, Francisco.
_9110543
852 _aES-MaACL
_jC-38847
_bR.69760
999 _c148398
_d148398